000 00234nam a2200097Ia 4500
008 190216s9999||||xx |||||||||||||| ||und||
100 _aHarold E Palmer
245 0 _aGrammer Of English Words
260 _bEnglish Uty Press
942 _cBK
999 _c15190
_d15190